Current contents : physical, chemical & earth sciences

Αποθηκεύτηκε σε:
Λεπτομέρειες βιβλιογραφικής εγγραφής
Συγγραφή απο Οργανισμό/Αρχή: Institute for Scientific Information
Μορφή: Περιοδική έκδοση
Γλώσσα:English
Δημοσίευση: Philadelphia, Pa. : Institute for Scientific Information, c1979-
Θέματα:
Ετικέτες: Προσθήκη ετικέτας
Δεν υπάρχουν, Καταχωρήστε ετικέτα πρώτοι!

MARC

LEADER 00000nas a2200000 i 4500
001 1/46390
008 010220c19799999 f engod
022 |a 01632574 
035 |l 10042784 
040 |a GR-MY-UA  |b gre  |e aacr 
041 0 |a eng 
082 0 |a 016.500205 
245 1 0 |a Current contents :  |h [περιοδικό]  |b physical, chemical & earth sciences 
246 3 3 |a Physical, chemical and earth sciences 
260 |a Philadelphia, Pa. :   |b Institute for Scientific Information,   |c c1979- 
310 |a Weekly 
650 0 0 |a Physics  |x Periodicals  |x Indexes  |x Periodicals. 
650 0 0 |a Chemistry  |x Periodicals  |x Indexes  |x Periodicals. 
650 0 0 |a Earth sciences  |x Periodicals  |x Indexes  |x Periodicals. 
650 0 0 |a Chemistry  |x Indexes. 
650 0 0 |a Physics  |x Indexes. 
650 0 0 |a Science  |x Indexes. 
710 2 |a Institute for Scientific Information. 
922 |a 3ΕΛΗ  |b 199001  |c ΚΕΝΤΡΙΚΗ ΒΙΒΛΙΟΘΗΚΗ  |d SWETS